| 000 | 00700nam a2200181 4500 | ||
|---|---|---|---|
| 005 | 20210816134500.0 | ||
| 008 | 210816s1993 pe ab||fr|||| 001 0 spa d | ||
| 040 |
_aCENDOC CAAAP _bspa _cCAAAP |
||
| 041 | _aspa | ||
| 050 |
_aHA 1063.RSM _bP45 1993 |
||
| 245 |
_aCensos Nacionales 1993 : _bRegión San Martín. Primeros resultados del censo de población (estadística preliminar) |
||
| 250 | _a1ra ed. | ||
| 260 |
_aLima: _bINEI, _c1993 |
||
| 300 |
_a91 p.: _bgráficas, mapas ; _c25 cm. |
||
| 490 |
_a(Estadística Censal Regional ; _v1) |
||
| 505 | _aContiene: Análisis de resultados preliminares -- Crecimiento de población Resumen estadístico regional -- Anexos. | ||
| 942 |
_2lcc _b16 - 08 - 21 _cBK |
||
| 999 |
_c2202 _d2202 |
||